000 00400nam a2200145Ia 4500
008 220217s9999||||xx |||||||||||||| ||und||
020 _a9781259006876
082 _a621.38275
100 _aKeiser, Gerd
245 0 _aOptical fiber communications
250 _a5
260 _aMcgraw hill book company
_bNew Delhi
_c2015
300 _aXXII, 662p.
_b799
650 _aOptical fiber communications
999 _c188756
_d188756